UBT Library

The Stein and Day international medical encyclopedia (Record no. 39458)

000 -LEADER
fixed length control field 00657cam a2200229 4500
001 - CONTROL NUMBER
control field 2200203
005 - DATE AND TIME OF LATEST TRANSACTION
control field 20171227042355.0
008 - FIXED-LENGTH DATA ELEMENTS--GENERAL INFORMATION
fixed length control field 720412r1972 nyua e 000 0 eng
010 ## - LIBRARY OF CONGRESS CONTROL NUMBER
LC control number 73165481
020 ## - INTERNATIONAL STANDARD BOOK NUMBER
International Standard Book Number 0812814302
040 ## - CATALOGING SOURCE
Original cataloging agency DLC
Transcribing agency DLC
Modifying agency DLC
041 ## - LANGUAGE CODE
Language code of text/sound track or separate title eng
080 ## - UNIVERSAL DECIMAL CLASSIFICATION NUMBER
Universal Decimal Classification number 616.003 BRO
082 00 - DEWEY DECIMAL CLASSIFICATION NUMBER
Classification number 616.003 BRO
100 ## - Rafti
Rafti 3
101 ## - Shkurtesa
Shkurtesa SHM
240 00 - UNIFORM TITLE
Uniform title <a href="Pears medical encyclopedia">Pears medical encyclopedia</a>
245 04 - TITLE STATEMENT
Title The Stein and Day international medical encyclopedia
Statement of responsibility, etc [by] J. A. C. Brown. Rev. by A. M. Hastin Bennett. With drawings by Margot Cooper.
350 ## - PRICE (NR) (BK AM CF MU VM SE) [OBSOLETE]
Price $17.50
906 ## - LOCAL DATA ELEMENT F, LDF (RLIN)
a 7
b cbc
c orignew
d 2
e ncip
f 19
g y-gencatlg
942 ## - ADDED ENTRY ELEMENTS (KOHA)
Source of classification or shelving scheme
Item type Books
Holdings
Withdrawn status Lost status Source of classification or shelving scheme Damaged status Not for loan Collection code Permanent location Current location Shelving location Date acquired Total Checkouts Full call number Barcode Date last seen Price effective from Koha item type
          Koleksioni i përgjithshem UBT - Lipjan UBT - Lipjan Koleksioni i përgjithshem 12/27/2017   616.003 BRO 002-2994014 12/27/2017 12/27/2017 Books
UBT Library © 2015-2024. All rights reserved University Education for Business and Technology